000 00419nam a22001817a 4500
003 OSt
005 20260406171102.0
008 260406b |||||||| |||| 00| 0 eng d
020 _a9789384419400
082 _a8H1.4337
_bKAUT
100 _aKaul,Manav
245 _aTheek tumare piche
260 _aNew Delhi
_bHind Yugm
_c2025
300 _a192p
546 _aHindi
650 _aHindi Literature
942 _2ddc
_cBK
999 _c3984
_d3984